Engineering mathematics. (Record no. 21931)
[ view plain ]
| 000 -LEADER | |
|---|---|
| fixed length control field | 01038nam a22002535a 4500 |
| 005 - DATE AND TIME OF LATEST TRANSACTION | |
| control field | 20160620134144.0 |
| 008 - FIXED-LENGTH DATA ELEMENTS--GENERAL INFORMATION | |
| fixed length control field | 160620s2014 ii a fr 000 0 eng d |
| 020 ## - INTERNATIONAL STANDARD BOOK NUMBER | |
| International Standard Book Number | 9788123923710 |
| 040 ## - CATALOGING SOURCE | |
| Original cataloging agency | EG-ScBUE |
| Language of cataloging | eng |
| Transcribing agency | EG-ScBUE |
| Modifying agency | EG-ScBUE |
| 082 04 - DEWEY DECIMAL CLASSIFICATION NUMBER | |
| Classification number | 620.00151 |
| Item number | SAR |
| Edition number | 22 |
| 100 1# - MAIN ENTRY--PERSONAL NAME | |
| Personal name | Sarna, I. J. S. |
| 9 (RLIN) | 40276 |
| 245 10 - TITLE STATEMENT | |
| Title | Engineering mathematics. |
| Number of part/section of a work | II / |
| Statement of responsibility, etc | I. J. S. Sarna. |
| 246 3# - VARYING FORM OF TITLE | |
| Title proper/short title | Engineering mathematics-II |
| 250 ## - EDITION STATEMENT | |
| Edition statement | 1st ed. |
| 260 ## - PUBLICATION, DISTRIBUTION, ETC. (IMPRINT) | |
| Place of publication, distribution, etc | New Delhi : |
| Name of publisher, distributor, etc | CBS Publishers & Distributors PVT. LTD., |
| Date of publication, distribution, etc | 2014. |
| 300 ## - PHYSICAL DESCRIPTION | |
| Extent | (Various pagings) : |
| Other physical details | ill. ; |
| Dimensions | 24 cm. |
| 500 ## - GENERAL NOTE | |
| General note | In accordance with prescribed syllabus of AMIETE-ET/CS/IT (New Scheme) code : AE-56 / Ac-56 /AT-56. |
| 500 ## - GENERAL NOTE | |
| General note | Including over 500 problems with solutions completely solved in detail. |
| 521 ## - TARGET AUDIENCE NOTE | |
| Target audience note | Also for engineering , technology and applied sciences examinations of various Universities and engineering colleges of India and abroad. |
| 650 #7 - SUBJECT ADDED ENTRY--TOPICAL TERM | |
| Source of heading or term | BUEsh |
| 9 (RLIN) | 3194 |
| Topical term or geographic name as entry element | Engineering mathematics. |
| 651 ## - SUBJECT ADDED ENTRY--GEOGRAPHIC NAME | |
| Source of heading or term | BUEsh |
| 653 ## - INDEX TERM--UNCONTROLLED | |
| Resource For college | Engineering, General |
| Arrived date list | June2016 |
| 942 ## - ADDED ENTRY ELEMENTS (KOHA) | |
| Source of classification or shelving scheme | Dewey Decimal Classification |
| Withdrawn status | Item status | Source of classification or shelving scheme | Damaged status | Not for loan | Vendor | Home library | Current library | Shelving location | Date acquired | Source of acquisition | Cost, normal purchase price | Serial Enumeration / chronology | Total Checkouts | Total Renewals | Full call number | Barcode | Date last seen | Date last borrowed | Cost, replacement price | Koha item type |
|---|---|---|---|---|---|---|---|---|---|---|---|---|---|---|---|---|---|---|---|---|
| Lost & Replaced | Dewey Decimal Classification | Baccah | Central Library | Central Library | First floor | 20/06/2016 | Purchase | 190.00 | 25845 | 1 | 9 | 620.00151 SAR | 000032704 | 13/02/2017 | 21/06/2016 | 237.50 | Book - Borrowing | |||
| Dewey Decimal Classification | Baccah | Central Library | Central Library | First floor | 13/02/2017 | Purchase | 190.00 | 25845 | 620.00151 SAR | 000045420 | 15/07/2025 | 237.50 | Book - Borrowing |